00467 2200193 4500001002100000005001500021035002000036007000300056008004100059082000800100084001400108100000800122245005000130260002600180300001600206650001400222856002100236990001600257INLIS00000000000814720260205101512 a0010-0126000144ta260205 0 ind  a658 a658 OJK l0 aOJK1 aLaporan akhir riset OJK institute 2022 /cOJK aJakarta :bOJK,c2022 a308 ;c25cm 4amanajemen aALUMNI MANAJEMEN a00000013740